Nguyên lý kế toán

Na minha lista:
Detalhes bibliográficos
Autor principal: Nguyễn Việt
Formato: Livro
Idioma:Undetermined
Publicado em: Tp. HCM Thống Kê 2004
Assuntos:
Tags: Adicionar Tag
Sem tags, seja o primeiro a adicionar uma tag!
Thư viện lưu trữ: Trung tâm Học liệu Trường Đại học Cần Thơ
LEADER 00509nam a2200193Ia 4500
001 CTU_59438
008 210402s9999 xx 000 0 und d
020 |b 34000 
082 |a 657 
082 |b V308 
100 |a Nguyễn Việt 
245 0 |a Nguyên lý kế toán 
245 0 |c Nguyễn Việt và Võ Văn Nhị 
260 |a Tp. HCM 
260 |b Thống Kê 
260 |c 2004 
650 |a accounting 
904 |i Minh 
980 |a Trung tâm Học liệu Trường Đại học Cần Thơ